<?xml version="1.0" encoding="UTF-8"?><?xml-stylesheet type="text/xsl" href="static/style.xsl"?><OAI-PMH xmlns="http://www.openarchives.org/OAI/2.0/" xmlns:xsi="http://www.w3.org/2001/XMLSchema-instance" xsi:schemaLocation="http://www.openarchives.org/OAI/2.0/ http://www.openarchives.org/OAI/2.0/OAI-PMH.xsd"><responseDate>2026-04-17T16:04:05Z</responseDate><request verb="GetRecord" identifier="oai:www.recercat.cat:2445/25442" metadataPrefix="marc">https://recercat.cat/oai/request</request><GetRecord><record><header><identifier>oai:recercat.cat:2445/25442</identifier><datestamp>2025-12-05T09:49:05Z</datestamp><setSpec>com_2072_1057</setSpec><setSpec>col_2072_478778</setSpec><setSpec>col_2072_478917</setSpec></header><metadata><record xmlns="http://www.loc.gov/MARC21/slim" xmlns:dcterms="http://purl.org/dc/terms/" xmlns:xsi="http://www.w3.org/2001/XMLSchema-instance" xmlns:doc="http://www.lyncode.com/xoai" xsi:schemaLocation="http://www.loc.gov/MARC21/slim http://www.loc.gov/standards/marcxml/schema/MARC21slim.xsd">
   <leader>00925njm 22002777a 4500</leader>
   <datafield ind2=" " ind1=" " tag="042">
      <subfield code="a">dc</subfield>
   </datafield>
   <datafield ind2=" " ind1=" " tag="720">
      <subfield code="a">Romero, Javier (Romero Martinengo)</subfield>
      <subfield code="e">author</subfield>
   </datafield>
   <datafield ind2=" " ind1=" " tag="720">
      <subfield code="a">Pérez Vallmitjana, Marta</subfield>
      <subfield code="e">author</subfield>
   </datafield>
   <datafield ind2=" " ind1=" " tag="720">
      <subfield code="a">Renom, Pere</subfield>
      <subfield code="e">author</subfield>
   </datafield>
   <datafield ind2=" " ind1=" " tag="260">
      <subfield code="c">2012-05-11T10:55:24Z</subfield>
   </datafield>
   <datafield ind2=" " ind1=" " tag="260">
      <subfield code="c">2012-05-11T10:55:24Z</subfield>
   </datafield>
   <datafield ind2=" " ind1=" " tag="260">
      <subfield code="c">2000</subfield>
   </datafield>
   <datafield ind2=" " ind1=" " tag="520">
      <subfield code="a">Podeu consultar l'Informe complet a: http://hdl.handle.net/2445/23669</subfield>
   </datafield>
   <datafield ind2=" " ind1=" " tag="520">
      <subfield code="a">Siguiendo la metodología de años anteriores&#xd;
(ver informes de seguimiento previos), durante los meses de noviembre y diciembre de 2000 se tomaron una serie de medidas de vitalidad de la pradera de Posidonia ceanica de las islas Medes, así como de macrofauna asociada.&#xd;
Los resultados se presentan en las tablas que se adjuntan.&#xd;
Los valores de densidad parecen disminuir en&#xd;
la mayor parte de las estaciones, salvo en la de 6.5 metros. Esta disminución entra dentro de la amplitud de las oscilaciones detectadas en años anteriores, por lo que no se considera alarmante, al menos mientras la tendencia a la baja no se mantenga en años sucesivos. El descenso más notable se ha detectado en la estación de 5 metros; en esta profundidad se van a hacer algunas&#xd;
medidas complementarias para corroborar (o, en su caso, descartar) los bajos valores de este año. Por otra parte, la cobertura parece mantenerse o aumentar, por lo que el diagnóstico general sobre la pradera es de estabilidad, en términos generales y siempre a la espera de lo que pudiera suceder en próximos ejercicios. No se han detectado inflorescencias. La población de erizos de la pradera se mantiene estable, pues si bien se han detectado una disminución de la entidad en la estación de 5 metros, dicha densidad ha aumentado a 6.5 metros, por lo que los cambios observados hay que atribuirlos, probablemente, a desplazamientos&#xd;
horizontales de los indivisuos más que a cambios en el tamaño de la población.&#xd;
Por problemas logísticos (mal tiempo) no ha&#xd;
podido hacerse el seguimiento de las nacras ni del calvero. Dicho seguimiento se hará durante el mes de enero, y sus resultados se incluirán en el informe del ejercicio del 2001.</subfield>
   </datafield>
   <datafield tag="653" ind2=" " ind1=" ">
      <subfield code="a">Ecologia marina</subfield>
   </datafield>
   <datafield tag="653" ind2=" " ind1=" ">
      <subfield code="a">Posidònia</subfield>
   </datafield>
   <datafield tag="653" ind2=" " ind1=" ">
      <subfield code="a">Medes, Illes (Catalunya)</subfield>
   </datafield>
   <datafield tag="653" ind2=" " ind1=" ">
      <subfield code="a">Marine ecology</subfield>
   </datafield>
   <datafield tag="653" ind2=" " ind1=" ">
      <subfield code="a">Posidonia</subfield>
   </datafield>
   <datafield tag="653" ind2=" " ind1=" ">
      <subfield code="a">Medes Islands (Catalonia)</subfield>
   </datafield>
   <datafield ind2="0" ind1="0" tag="245">
      <subfield code="a">Seguimiento de la pradera de Posidonia oceanica de les Islas Medes. Ejercicio 2000</subfield>
   </datafield>
</record></metadata></record></GetRecord></OAI-PMH>